The five jars / (Record no. 177729)
[ view plain ]
| 000 -LEADER | |
|---|---|
| fixed length control field | 00847nam a22002297a 4500 |
| 005 - DATE AND TIME OF LATEST TRANSACTION | |
| control field | 20210408152742.0 |
| 010 ## - LCCN (DPL NO) | |
| LC control number | B-739249-251 B-739746 |
| 020 ## - INTERNATIONAL STANDARD BOOK NUMBER | |
| International Standard Book Number | 9789352758678 |
| Terms of availability | 195.00 |
| 035 ## - SYSTEM CONTROL NUMBER | |
| System control number | B-739249-251 |
| 035 ## - SYSTEM CONTROL NUMBER | |
| System control number | B-739746 |
| 037 ## - SOURCE OF ACQUISITION | |
| Source of stock number/acquisition | Scholastic |
| 037 ## - SOURCE OF ACQUISITION | |
| Source of stock number/acquisition | Gift |
| 082 ## - DEWEY DECIMAL CLASSIFICATION NUMBER | |
| Classification number | S |
| 100 ## - MAIN ENTRY--PERSONAL NAME | |
| Personal name | James, M.R. |
| 245 ## - TITLE STATEMENT | |
| Title | The five jars / |
| Statement of responsibility, etc | by M.R. James |
| 260 ## - PUBLICATION, DISTRIBUTION, ETC. (IMPRINT) | |
| Place of publication, distribution, etc | Gurgaon |
| Name of publisher, distributor, etc | Scholastic |
| Date of publication, distribution, etc | 2019 |
| 270 ## - ADDRESS | |
| Address | A-27, Ground Floor, Sigma Centre, Infocity-1, Sector-34 |
| City | Gurgaon |
| Postal code | 122001 |
| 300 ## - PHYSICAL DESCRIPTION | |
| Extent | 138p. |
| Dimensions | 19cm(pbk) |
| 942 ## - ADDED ENTRY ELEMENTS (KOHA) | |
| Source of classification or shelving scheme | Dewey Decimal Classification |
| Item type | Children Books |
| Classification part | S |
| Call number suffix | JAM |
| Withdrawn status | Lost status | Not for loan | Collection code | Home library | Current library | Date acquired | Source of acquisition | Cost, normal purchase price | Full call number | Barcode | Copy number | Cost, replacement price | Koha item type | Public note |
|---|---|---|---|---|---|---|---|---|---|---|---|---|---|---|
| Fiction | Central Library | Central Library | 08/04/2021 | Gift/Eng/05-04-2021 | 195.00 | S JAM | B-739746 | 1 | 195.00 | Children Books | Gift | |||
| Fiction | Mobile Library | Mobile Library | 22/03/2021 | Scholastic/LB-M-00154HQ/09-03-2021/24/03-03-2021/15-03-2021 | 195.00 | S JAM | B-739249 | 3 | 195.00 | Children Books | ||||
| Fiction | Mobile Library | Mobile Library | 22/03/2021 | Scholastic/LB-M-00154HQ/09-03-2021/24/03-03-2021/15-03-2021 | 195.00 | S JAM | B-739250 | 3 | 195.00 | Children Books | ||||
| Fiction | Mobile Library | Mobile Library | 22/03/2021 | Scholastic/LB-M-00154HQ/09-03-2021/24/03-03-2021/15-03-2021 | 195.00 | S JAM | B-739251 | 3 | 195.00 | Children Books |
